Cultural theory : the key concepts /

Bibliographic Details
Other Authors: Edgar, Andrew, Sedgwick, Peter R.
Format: Book
Language:English
Published: London ; New York : Routledge, 2002.
Series:Routledge key guides.
Subjects:

MARC

Tag First Indicator Second Indicator Subfields
LEADER 00000cam a2200000Ia 4500
001 in00001702339
005 20151024153056.0
008 020829s2002 enk bd 001 0 eng d
020 |a 0415284260 
035 |a (OCoLC)ocm50504477 
040 |a JHE  |c JHE  |d TXA  |d UtOrBLW 
049 |a TXAM 
090 |a HM621  |b .K49 2002 
245 0 0 |a Cultural theory :  |b the key concepts /  |c edited by Andrew Edgar and Peter Sedgwick. 
264 1 |a London ;  |a New York :  |b Routledge,  |c 2002. 
300 |a xvii, 506 pages ;  |c 22 cm. 
336 |a text  |b txt  |2 rdacontent 
337 |a unmediated  |b n  |2 rdamedia 
338 |a volume  |b nc  |2 rdacarrier 
490 1 |a Routledge key guides 
504 |a Includes bibliographical references (pages 436-485) and indexes. 
534 |p Originally published:  |c London ; New York : Routledge, 1999,  |n under title:  |t Key concepts in cultural theory. 
650 0 |a Culture  |v Dictionaries. 
650 0 |a Social history  |y 20th century  |v Dictionaries. 
700 1 |a Edgar, Andrew. 
700 1 |a Sedgwick, Peter R. 
830 0 |a Routledge key guides. 
948 |a cataloged  |b h  |c 2002/9/16  |d c  |e cmulkey  |f 1:20:44 pm 
994 |a E0  |b TXA 
999 |a MARS 
999 f f |s d01b5c51-bc12-3024-82b5-51bbe6f3980b  |i 89228056-19fe-3da8-9f34-81dd5119a751  |t 0 
952 f f |p ric  |a Texas A&M University  |b Rellis Campus  |c Joint Library Facility  |d Remote Storage  |t 0  |e HM621 .K49 2002  |h Library of Congress classification  |i unmediated -- volume  |m A14829136184 
998 f f |a HM621 .K49 2002  |t 0  |l Remote Storage